LEADER 01390nam a2200277 u 4500 001 000000014369 003 CaOOAMICUS 005 20070226105746.0 008 940517s1975 it u000 u fre u 035 $a10339517 040 $aPUL$bita 111 2 $aConférences Saint-Serge$d(1973 :$cParigi).$0(OLS)http://pul/name/79685 245 10$aLiturgie et rémission des péchés :$bConférences Saint-Serge : XXe Semaine d'études liturgiques, Paris, 2-5 juillet 1973. 260 $aRoma :$bEdizioni Liturgiche,$c1975. 300 $a293 p. ;$c24 cm 490 1 $aBibliotheca "Ephemerides liturgicae".$aSubsidia ;$v3 650 4$aLiturgia$xCongressi.$0(OLS)http://pul/subject/6493 650 4$aPenitenza$xCongressi.$0(OLS)http://pul/subject/10099 711 2 $aSemaine d'études liturgiques$n(20 :$d1973 :$cParigi).$0(OLS)http://pul/name/79686 830 0$aBibliotheca "Ephemerides liturgicae".$pSubsidia ;$v3.$0(OLS)http://pul/title/81 850 $aPUL 852 $aPUL$W1$xSL Religione 1$y3$m15 F 21$j20172$nBK-PRI$b $qStampati$B20172$CPULBib$Z2$F20172 $H $81 941 1 $a8 961 $aINV: 46004 996 $6245$aLiturgie et rémission des péchés :$bConférences Saint-Serge : XXe Semaine d'études liturgiques, Paris, 2-5 juillet 1973$9(OLS)http://pul/title/20664 996 $6260$aRoma :$bEdizioni Liturgiche$9(OLS)http://pul/publisher/48268 LEADER 01129cam a22002894a 4500 001 000000131786 003 CaOOAMICUS 005 20121203095735.0 008 121203s2001 it b 000 0 ita r 020 $a88-420-6441-6 040 $aPUL$bita 100 1 $aDahrendorf, Ralph,$d1929-2009.$0(OLS)http://pul/name/31787 245 10$aDopo la democrazia /$cRalph Dahrendorf ; intervista a cura di Antonio Polito. 260 $aRoma :$bLaterza,$c2001. 300 $a129 p. ;$c19 cm. 490 1 $aSaggi tascabili Laterza ;$v252 650 4$aDemocrazia.$0(OLS)http://pul/subject/11947 700 1 $aPolito, Antonio.$0(OLS)http://pul/name/70093 830 0$aSaggi tascabili Laterza ;$v252.$0(OLS)http://pul/title/33436 850 $aPUL 852 $aPUL$W1$xDP1 Fondo E. Rossi$y115$m1 D 8$j1240$qFondi$B151026$CPULBib$Z2$F151026 $82 941 1 $a1 961 $aSul dorso collocazione ms. di E. Rossi: D 2 3 996 $6020$a88-420-6441-6$9(OLS)http://pul/number/151217 996 $6245$aDopo la democrazia$9(OLS)http://pul/title/142787 996 $6260$aRoma :$bLaterza$9(OLS)http://pul/publisher/47864